000 00790cam a22002655i 4500
001 19578274
003 OSt
005 20240216111700.0
008 170331s2016 gw 000 0 eng
010 _a 2016461417
020 _a9783955532987
040 _aDLC
_beng
_erda
_cDLC
042 _apcc
082 _a690
_bBUI
245 0 0 _aBuilding Openings Construction Manual :
_bWindows Vents Exterior Doors /
_cJan Cremers (ED.).
250 _a1st German Edition
260 _c2016.
300 _a288 pages ;
_c30cm.
650 _aArchitecture
_bDetails
_9120644
650 _aAir ducts
_vDesign and construction
_9120645
700 1 0 _aCremers,Jan
_9120646
906 _a0
_bibc
_corignew
_d2
_encip
_f20
_gy-gencatlg
942 _2ddc
_cBK
_aSADA
_k690 BUI 2016.
999 _c607818
_d607818